000 02929cam a2200253 4500500
005 20260524000253.0
041 _afre
042 _adc
100 1 0 _aSpicer, Paul
_eauthor
700 1 0 _aLe Houezec-Jacquemain, Frédérique
_eauthor
245 0 0 _aLes méthodes ethnographiques, la psychanalyse, et la recherche sur les interventions précoces
260 _c2002.
500 _a61
520 _aRésuméCet article décrit quelques-unes des convergences possibles entre l’ethnographie et la psychanalyse, dans une étude d’intervention précoce. Dans la mesure où la psychanalyse et l’ethnographie insistent sur la validité des relations interpersonnelles comme moyen de connaissance, il existe un potentiel important de convergence, tant sur le plan théorique que sur celui des méthodes. Comme la psychanalyse, l’ethographie donne du prix à l’interprétation des mouvements émergents au cours de la rencontre avec l’autre, plus que dans le développement, à l’avance, d’expériences mises en place pour le développement d’hypothèses. Cette insistance peut mettre l’ethographie en difficulté par rapport au paradigme hypothético-déductif qui est dominant dans tant de sciences sociales, mais il permet l’émergence de trouvailles surprenantes, du fait de l’immersion de l’ethnologue dans la culture locale. La valeur de l’approche ethographique est illustrée ici par la façon dont elle a permis de comprendre l’impact d’un programme de type Montessori sur les familles.
520 _aThis paper describes some possible convergence between ethnographic and psychoanalytic methods in a study of early childhood intervention. Insofar as both psychoanalysis and ethnography emphasize the value of personal relationships as ways of knowing, there is enormous potential for a convergence of both theory and method. Like psychoanalysis, ethnography puts a premium on the interpretation of emerging dynamics in our encounters with others rather than the development, in advance, of experiments designed to test hypotheses. This emphasis can put ethnographers at odds with the hypothetical-deductive paradigm that is dominant in so many social sciences, but it is designed to allow for surprising findings to emerge by virtue of the ethnographer’s immersion in local cultural contexts. The value of an ethnographic approach is illustrated here by examining some of the contributions that an ethnographic study has made to our evolving understanding of how a Montessori early childhood program affects families.
690 _aethnographie
690 _ainterventions précoces
690 _apsychanalyse
690 _aearly childhood intervention
690 _aethnography
690 _apsychoanalysis
786 0 _nDevenir | 14 | 4 | 2002-12-01 | p. 389-399 | 1015-8154
856 4 1 _uhttps://stm.cairn.info/revue-devenir-2002-4-page-389?lang=fr&redirect-ssocas=7080
999 _c2249104
_d2249104